000 00536nam a22001697a 4500
005 20251108165333.0
008 250721s1977 xx 000 0 ara d
082 1 4 _a928.9162/واي
100 1 _aالتكريتي، سلمان
245 1 0 _aأوسكار وايلد /
264 1 _aبيروت :
_bالمؤسسة العربية للدراسات و النشر،
_c1977.
300 _a163ص
490 0 _aسلسلة أعلام الفكر العالمي
650 1 7 _aالأدب الإيرلندي
942 _2ddc
_cBK
999 _c25449
_d25449